000 00642nam a22001697a 4500
999 _c188654
_d188654
005 20220530155956.0
010 _aENG-132892
020 _a9788185835799
_c450.00
035 _aEN-116424
037 _bDBAD/PUB
082 _a658.4080954
245 _aCorporate Social Responsibility In India:
_bQuest For socio-Economic Tranformation/
_cEdited by Ranjit Singh Ghuman and Rajeev Sharma
260 _aChandigarh
_bCentre For Research in Rural and Industrial Development
_c2016
270 _aPlot 2-A, Sector 19-A, Madhya Marg
_bChandigarh
_e160019
300 _axviii, 334p.
_c25cm(hbk)
942 _2ddc
_cEN
_h658.4080954
_mCOR